|
|
|
|
| LEADER |
00000nam a2200000 a 4500 |
| 001 |
vtls001302037 |
| 003 |
SK-MaSNL |
| 005 |
20260224054258.0 |
| 008 |
210928s1989 LV 0 lav |
| 020 |
|
|
|a 5401001274
|
| 035 |
|
|
|a SNK000254075
|
| 040 |
|
|
|a SNK
|b slo
|c SNK
|e AACR2
|
| 044 |
|
|
|a LV
|
| 245 |
1 |
|
|a Bibliotekaras un bibliografiskas apkalpošanas problemas
|b biblioteku zinatnes aspekti
|
| 260 |
|
|
|a Riga
|b Avots
|c 1989
|
| 300 |
|
|
|a 142 s.
|c 8°
|
| 919 |
|
|
|a 5-401-00127-4
|
| 958 |
|
|
|a OND
|
| 999 |
|
|
|c 871413
|d 873343
|
| 952 |
|
|
|t P60, <04>, [BOOK], {604}
|a SNK
|b SNK
|y VYP
|7 0
|p 17A0070494
|o snkIC 112300
|0 0
|1 0
|4 0
|d 1998-07-02
|l 0
|r 2005-01-02 00:00:00
|w 2026-02-24
|
| 952 |
|
|
|t P60, <04>, [BOOK], {604}
|a SNK
|b SNK
|y VYP
|7 0
|o snkIC 112300
|i snkV 1993/89
|0 0
|1 0
|4 0
|d 1997-09-11
|l 0
|r 2005-01-02 00:00:00
|w 2026-02-24
|